| 000 -LEADER |
| fixed length control field |
00487cam a22001217a 4500 |
| 008 - FIXED-LENGTH DATA ELEMENTS--GENERAL INFORMATION |
| fixed length control field |
180718b1993 xxu||||| |||| 00| 0 eng d |
| 082 ## - DEWEY DECIMAL CLASSIFICATION NUMBER |
| Classification number |
Y403x54 In2 |
| 100 ## - MAIN ENTRY--PERSONAL NAME |
| Personal name |
India. Ministry of Personnel, Public Grievances and Pensions. Department of Administrative Reforms and Public Grievances |
| 245 ## - TITLE STATEMENT |
| Title |
Implementation of forest (conservation) act, 1980: a study report |
| 260 ## - PUBLICATION, DISTRIBUTION, ETC. |
| Place of publication, distribution, etc. |
New Delhi |
| Name of publisher, distributor, etc. |
The author |
| Date of publication, distribution, etc. |
1993 |
| 300 ## - PHYSICAL DESCRIPTION |
| Extent |
70+p |
| 650 ## - SUBJECT ADDED ENTRY--TOPICAL TERM |
| Topical term or geographic name entry element |
Forest conservation - Law and legislation - India |